000 00839cab a2200277 4500
001 ABS45898
008 090401t1992 xxu||||| |||| 00| 0 eng d
035 _a(Sirsi) u55778
041 _aeng
100 _aBurn, R.
245 _aOld money to fund the purchase of new homes
260 _c1992
350 _a0
490 _aAccountancy Age
_v20 February 1992, 21(1)
520 _aExamines Government policy on the handing over of rented properties to housing associations, and considers what would happen if private sector funds for these properties died out.
650 _aDISCOUNTED CASH FLOW
650 _aFINANCE
650 _aHOUSING ASSOCIATIONS
650 _aHOUSING CORPORATION
650 _aRENTED HOUSING
650 _aRUNHAG
650 _aTRANSFER
690 _aHOUSING
942 _n0
948 _c04/03/1997
999 _c34098
_d34098